LEADER 02885nam 22006854a 450 001 9910785019503321 005 20230207213800.0 010 $a0-674-05414-8 024 7 $a10.4159/9780674054141 035 $a(CKB)2670000000040432 035 $a(OCoLC)648757478 035 $a(CaPaEBR)ebrary10402517 035 $a(SSID)ssj0000420430 035 $a(PQKBManifestationID)11308551 035 $a(PQKBTitleCode)TC0000420430 035 $a(PQKBWorkID)10392376 035 $a(PQKB)11282983 035 $a(MiAaPQ)EBC3300853 035 $a(DE-B1597)457683 035 $a(OCoLC)979574291 035 $a(DE-B1597)9780674054141 035 $a(Au-PeEL)EBL3300853 035 $a(CaPaEBR)ebr10402517 035 $a(EXLCZ)992670000000040432 100 $a20090421d2009 uy 0 101 0 $aeng 135 $aurcn||||||||| 181 $ctxt 182 $cc 183 $acr 200 10$aIncest & influence$b[electronic resource] $ethe private life of bourgeois England /$fAdam Kuper 210 $aCambridge, Mass. $cHarvard University Press$d2009 215 $a1 online resource (305 p.) 300 $aBibliographic Level Mode of Issuance: Monograph 311 $a0-674-03589-5 320 $aIncludes bibliographical references and index. 327 $aThe romance of incest and the love of cousins -- The law of incest -- The science of incest and heredity -- The family business -- Wilberforce and the Clapham sect -- Difficulties with siblings -- The bourgeois intellectuals -- The Bloomsbury version. 330 $aLike many gentlemen of his time, Charles Darwin married his first cousin. In fact, marriages between close relatives were commonplace in nineteenth-century England, and Adam Kuper argues that they played a crucial role in the rise of the bourgeoisie. This groundbreaking study brings out the connection between private lives, public fortunes, and the history of imperial Britain. 517 3 $aIncest and influence 606 $aConsanguinity$zEngland$xHistory$y19th century 606 $aCross-cousin marriage$zEngland$xHistory$y19th century 606 $aIncest$xSocial aspects$zEngland$xHistory$y19th century 606 $aDomestic relations$zEngland$xHistory$y19th century 606 $aMiddle class$zEngland$xHistory$y19th century 606 $aElite (Social sciences)$zEngland$xHistory$y19th century 615 0$aConsanguinity$xHistory 615 0$aCross-cousin marriage$xHistory 615 0$aIncest$xSocial aspects$xHistory 615 0$aDomestic relations$xHistory 615 0$aMiddle class$xHistory 615 0$aElite (Social sciences)$xHistory 676 $a306.85086/22094209034 700 $aKuper$b Adam$0143565 801 0$bMiAaPQ 801 1$bMiAaPQ 801 2$bMiAaPQ 906 $aBOOK 912 $a9910785019503321 996 $aIncest & influence$93862116 997 $aUNINA LEADER 05990nam 22006855 450 001 9910254209003321 005 20260205143314.0 010 $a3-319-23564-8 024 7 $a10.1007/978-3-319-23564-6 035 $a(CKB)3710000000486779 035 $a(EBL)4178542 035 $a(SSID)ssj0001584675 035 $a(PQKBManifestationID)16263935 035 $a(PQKBTitleCode)TC0001584675 035 $a(PQKBWorkID)14866272 035 $a(PQKB)10659821 035 $a(DE-He213)978-3-319-23564-6 035 $a(MiAaPQ)EBC4178542 035 $a(PPN)190532483 035 $a(EXLCZ)993710000000486779 100 $a20151007d2016 u| 0 101 0 $aeng 135 $aur|n|---||||| 181 $ctxt 182 $cc 183 $acr 200 10$aMathematical Modeling and Optimization of Complex Structures /$fedited by Pekka Neittaanmäki, Sergey Repin, Tero Tuovinen 205 $a1st ed. 2016. 210 1$aCham :$cSpringer International Publishing :$cImprint: Springer,$d2016. 215 $a1 online resource (337 p.) 225 1 $aComputational Methods in Applied Sciences,$x2543-0203 ;$v40 300 $aDescription based upon print version of record. 311 08$a3-319-23563-X 320 $aIncludes bibliographical references at the end of each chapters. 327 $aForeword -- Preface -- Acknowledgements -- List of Contributors -- PART I Numerical Analysis -- Computational Issues for Optimal Shape Design in Hemodynamics, by Olivier Pironneau -- Functional A Posteriori Error Estimate for a Nonsymmetric Stationary Diffusion Problem, by Olli Mali -- Error Estimates of Uzawa Iteration Method for a Class of Bingham Fluids, by Marjaana Nokka and Sergey Repin -- An Automatic Differentiation Based Approach to the Level Set Method, by Jukka I. Toivanen -- PART II Mathematical Modeling in Mechanics -- Differential Fluid Mechanics Harmonization of Analytical, Numerical and Laboratory Models of Flows, by Yuli D. Chashechkin -- Effect of Friction in Sliding Contact of a Sphere over a Viscoelastic Halfspace, by Irina Goryacheva, Fedor Stepanov, and Elena Torskaya -- Stability of a Tensioned Axially Moving Plate Subjected to Cross-Direction Potential Flow, by Juha Jeronen, Tytti Saksa, and Tero Tuovinen -- Multiaxial fatigue criteria and durability of titanium compressordisks in low- and very-high-cycle fatigue modes, by Nikolay Burago and Ilia Nikitin -- Dynamic Analysis for Axially Moving Viscoelastic PoyntingThompson Beams, by Tytti Saksa and Juha Jeronen -- A projection approach to analysis of natural vibrations for beams with nonsymmetric cross sections, by Vasily Saurin and Georgy Kostin -- On bifurcation analysis of implicitly given functionals in the theory of elastic stability, by Nikolay Banichuk, Alexander Barsuk, Juha Jeronen, Pekka Neittaanmäki, and Tero Tuovinen -- PART III Optimization -- Proximal Bundle Method for Nonsmooth and Nonconvex Multiobjective Optimization, by Marko M. Mäkelä, Napsu Karmitsa and Outi Wilppu -- Efficient Parallel Nash Genetic Algorithm for solving Inverse Problems in Structural Engineering, by Jacques Périaux and David Greiner -- Efficient variational design sensitivity analysis, by Franz-Joseph Barthold, Nikolai Gerzen, Wojciech Kijanski, and Daniel Materna -- A Variational Approach to Modelling and Optimization in Elastic Structure Dynamics, by Georgy Kostin and Vasily Saurin -- Contact Optimization Problems for Stationary and Sliding Conditions, by István Páczelt, Attila Baksa, and Zenon Mroz -- Some Problems of Multipurpose Optimization for Deformed Bodies and Structures, by Alexander Sinitsin, Svetlana Ivanova, Evgeniy Makeev and Nikolay Banichuk. 330 $aThis volume contains selected papers in three closely related areas: mathematical modeling in mechanics, numerical analysis, and optimization methods. The papers are based upon talks presented on the International Conference for Mathematical Modeling and Optimization in Mechanics, held in Jyväskylä, Finland, March 6-7, 2014 dedicated to Prof. N. Banichuk on the occasion of his 70th birthday. The articles are written by well-known scientists working in computational mechanics and in optimization of complicated technical models. Also, the volume contains papers discussing the historical development, the state of the art, new ideas, and open problems arising in modern continuum mechanics and applied optimization problems. Several papers are concerned with mathematical problems in numerical analysis, which are also closely related to important mechanical models. The main topics treated include: * Computer simulation methods in mechanics, physics, and biology; * Variational problems and methods; minimization algorithms; * Optimal control problems with distributed and discrete control; * Shape optimization and shape design problems in science and engineering; * Sensitivity analysis and parameters optimization of complex systems. 410 0$aComputational Methods in Applied Sciences,$x2543-0203 ;$v40 606 $aEngineering design 606 $aMathematics$xData processing 606 $aMechanics, Applied 606 $aEngineering Design 606 $aComputational Science and Engineering 606 $aEngineering Mechanics 615 0$aEngineering design. 615 0$aMathematics$xData processing. 615 0$aMechanics, Applied. 615 14$aEngineering Design. 615 24$aComputational Science and Engineering. 615 24$aEngineering Mechanics. 676 $a620.0042015118 702 $aNeittaanmäki$b Pekka$4edt$4http://id.loc.gov/vocabulary/relators/edt 702 $aRepin$b Sergey$4edt$4http://id.loc.gov/vocabulary/relators/edt 702 $aTuovinen$b Tero$4edt$4http://id.loc.gov/vocabulary/relators/edt 801 0$bMiAaPQ 801 1$bMiAaPQ 801 2$bMiAaPQ 906 $aBOOK 912 $a9910254209003321 996 $aMathematical Modeling and Optimization of Complex Structures$91547230 997 $aUNINA